Billie Eilish Songs - Statistics

General Stats
  • This quiz has been taken 257 times
  • The average score is 22 of 42
Answer Stats
Hint Answer % Correct
Tore my shirt to stop you bleedin' But nothin' ever stops you leavin' When The Party's Over
86%
My friends aren't far In the back of my car Lay their bodies Bellyache
85%
My boy's an ugly crier but he's such a pretty liar and by that I mean he said he'd "change" My Boy
85%
Silver dollar, golden flame Dirty water, poison rain Perfect murder, take your aim COPYCAT
80%
Bruises on both my knees for you Don't say thank you or please Bad Guy
78%
Tattoos on both my sleeves, yeah I Don't sleep, please don't wake me Bad Guy (Featuring Justin Beiber)
78%
hands getting cold Losing feeling is getting old Was I made from a broken mold? Idontwannabeyouanymore
78%
But we knew right from the start that you'd fall apart 'Cause I'm too expensive Bury A Friend
76%
I can't help but wonder If our grave was watered by the rain Six Feet Under
75%
Nine times, you never made it there I ate alone at seven, you were six minutes away Wish You Were Gay
75%
Thought I could fly So I stepped off the Golden Everything I Wanted
74%
Remember not to get to close to stars They're never gonna give you love like ours Ilomilo
73%
It's not true Tell me I've been lied to Cryin' isn't like you I Love You
72%
And once the water starts to rise And heaven's out of sight All The Good Girls Go To Hell
70%
Your lies will never keep, I think you need to blow 'em out Watch
69%
Tear me to pieces, skin to bone Hello, welcome home Lovely
67%
Count my cards, watch them fall Blood on a marble wall I like the way they all Scream You Should See Me In A Crown
66%
Gold leaf across your lips Kiss me until I can't speak Hostage
62%
I've been walking through A world gone blind Can't stop thinking of your diamond mind Ocean Eyes
61%
Get my pretty name out of your mouth We are not the same with or without Therefore I Am
60%
Can't you hear me? I'm not comin' home Do you understand? I've changed my plans My Future
58%
Tell me, love is endless, don't be so pretentious Leave me, like you do Listen Before I Go
56%
I can't afford to love someone Who isn't dying by mistake Xanny
56%
Look up, out of your window See snow, won't let it in though Come Out And Play
55%
That the blood you bleed Is just the blood you owe No Time To Die
55%
I never really know how to please you You're lookin' at me like I'm see-through 8
54%
Giving you what you're begging for, giving you what you say I need Bored
52%
Bite my glass, set myself on fire Can't you tell I'm crass? Can't you tell I'm wired? My Strange Addiction
49%
Please, please Don't leave me be Goodbye
46%
Every time you talk It's all 'bout me, but you swear I'm not on your mind Bitches Broken Hearts
44%
7-4-2008, I still remember that, heaven sent a present my way &Burn
40%
You used to call me on my cell phone Late night when you need my love Hotline Bling
40%
I'm still a victim in my own right But I'm the villain in my own eyes When I Was Older
32%
You'll single out the wrong words Like you mishear all my songs Party Favour
26%
Would you panic and hide? Or run for your life? Or stand here and spend it with me? The End Of The World
16%
Are you okay? You seem too far gone Infected, standing there all alone Fingers Crossed
15%
Nothing in common, nothing to lose Nothing but problems between me and you Limbo
12%
Cold days Frozen lake in the park Old ways Make mistakes when I'm lost Now it goes True Blue
12%
I sat alone Awaited your reply Was driven home When I started to cry 6.18.18
9%
Never even got a kiss without a countdown Another Stupid Song
8%
You see them talking But hear no sound To hit the ground and (Fade) She's Broken
6%
My handshake, cellophane, landscape, mannequin Faking it the best I can You Don't Get Me High Anymore
4%
No matching quizzes found
Score Distribution
Percent of People with Each Score
Percentile by Number Answered
Your Score History
You have not taken this quiz